States That Border Missouri Quiz Stats

 Plays Quiz Updated Sep 13, 2017

Challenge
Share
Tweet
Embed
Score 0/8 Timer 01:00
3 Plays Today
State % Correct
Kansas
92.4%
Arkansas
89.6%
Illinois
88.6%
Iowa
87.5%
Tennessee
85.7%
Kentucky
85.4%
Oklahoma
82.8%
Nebraska
81.8%

You're not logged in!

Compare scores with friends on all Sporcle quizzes.
Join for Free
OR
Log In

You Might Also Like...

Show Comments

Extras

Top Quizzes Today


Score Distribution

Your Account Isn't Verified!

In order to create a playlist on Sporcle, you need to verify the email address you used during registration. Go to your Sporcle Settings to finish the process.

Report this User

Report this user for behavior that violates our Community Guidelines.

Details: